Регионална библиотека "Любен Каравелов" - Русе

Orchesterstudien fur Oboe (Запис номер 351307)

MARC детайли
000 -Лидер
Контролно поле с фиксирана дължина 01528ncm a2200505 c 4500
003 - Код на организацията, давaща контролен номер
Контролно поле BLK
005 - Дата и час на последна редакция
Контролно поле 20231121142905.0
008 - Елементи от данни с фиксирана дължина
fixed length control field 180414b bul |a|er|||| |0| c|bulo|
010 ## - Наследен системен номер
LC control number NOT00004093000
040 ## - Източник на каталожния запис
Идентификатор на билиотеката - собственик на записа BLK
041 ## - Код за език
Код за езика на текст/звукозапис или на отделно заглавие Немски
Код за езика КДБФ Немски
080 ## - УДК
Текстов определител УДК Обой учебна л-ра. Етюди, гами, упражнения
УДК код - определител по УДК 788.7.087.5
УДК - код + определител 788.7.087.5
УДК определител 788.7.087.5
100 1# - Редна дума - Автор
Автор Верди, Джузепе
Авторска отговорност първи автор
R(LIN) 47626
139 ## - Редно поле
Редна дума Верди, Джузепе
Авторски знак Верд - В 49
245 10 - Сведения за заглавието
Заглавие Orchesterstudien fur Oboe
Редно поле (дума) Giuseppe Verdi; Hrsg. von Karl Kraus.
257 ## - Страна на издаване
Страна на създаване/издаване Германия
260 ## - Област на издателските данни
Име на издателя, разпространителя и проч. Friedrich Hofmeister
Година на издаване 1959
9 (RLIN) 402638
Място на издаване, разпространение и проч. Leipzig
300 ## - Физическа характеристика
Размери/Мащаб 30 см
Страници 63 с.
380 ## - Жанр
Жанр Изкуство
490 ## - СЕРИИ (Колекции)
9 (RLIN) 403641
Име на серия Hofmeister Orchester-Studien
Бележки за серията Orchester-Studien fur Oboe
№: серия Heft 16
650 #0 - Допълнително описание по предмет – тема
Основно описание – тема или топоним Обой - гами, етюди
9 (RLIN) 403657
653 #7 - Ключова дума – ненормативна
Ключова дума обой
9 (RLIN) 192541
653 #0 - Ключова дума – ненормативна
Ключова дума оркестрови етюди
9 (RLIN) 403642
653 ## - Ключова дума – ненормативна
Ключова дума етюди
700 ## - Други автори (авторска отговорност)
Лично име Kraus, Karl
Автороска отговорност (Описва отношението между автора и произведението) hrsg.
9 (RLIN) 368213
852 ## - Местоположение
Форматна сигнатура Цб М ІІ 9231
Част 0
Фондова буква Отдел Изкуство - подръчен фонд
Систематично-азбучна сигнатура 787.3.087.5/Д 83
856 4# - Електронен адрес и достъп
Електронен формат pdf - файл
Път до файла /url/
856 4# - Електронен адрес и достъп
Електронен формат pdf - файл
Път до файла /url/
999 ## - СИСТЕМНИ КОНТРОЛНИ НОМЕРА
Koha biblionumber 351307
Koha biblioitemnumber 351307
942 ## - АРТИКУЛИ
Вид на библиотечния материал Нотни издания
Скрит в OPAC Не
Периодичен библиозапис Да
944 ## - СЪЗДАВАНЕ И РЕДАКЦИЯ на ЗАПИСА
Създаване/Редакция Създаване
Дата на регистрацията/редакция 2020-03-26
Служител, извършил регистрацията/редакцията 30560
Статус, дата на статуса Геновева Генчева
944 ## - СЪЗДАВАНЕ И РЕДАКЦИЯ на ЗАПИСА
Създаване/Редакция Редакция
999 ## - СИСТЕМНИ КОНТРОЛНИ НОМЕРА
Koha biblioitemnumber 351307
999 ## - СИСТЕМНИ КОНТРОЛНИ НОМЕРА
Koha biblioitemnumber 351307
999 ## - СИСТЕМНИ КОНТРОЛНИ НОМЕРА
Koha biblioitemnumber 351301
999 ## - СИСТЕМНИ КОНТРОЛНИ НОМЕРА
Koha biblioitemnumber 351301
999 ## - СИСТЕМНИ КОНТРОЛНИ НОМЕРА
Koha biblioitemnumber 351275
999 ## - СИСТЕМНИ КОНТРОЛНИ НОМЕРА
Koha biblioitemnumber 351275
999 ## - СИСТЕМНИ КОНТРОЛНИ НОМЕРА
Koha biblioitemnumber 351275
999 ## - СИСТЕМНИ КОНТРОЛНИ НОМЕРА
Koha biblioitemnumber 351275
999 ## - СИСТЕМНИ КОНТРОЛНИ НОМЕРА
Koha biblioitemnumber 350134
999 ## - СИСТЕМНИ КОНТРОЛНИ НОМЕРА
Koha biblioitemnumber 350134
999 ## - СИСТЕМНИ КОНТРОЛНИ НОМЕРА
Koha biblioitemnumber 350134
999 ## - СИСТЕМНИ КОНТРОЛНИ НОМЕРА
Koha biblioitemnumber 349623
999 ## - СИСТЕМНИ КОНТРОЛНИ НОМЕРА
Koha biblioitemnumber 322015
Наличности
Код за отписване Код за изгубен артикул Източник на класификационната схема Код за повреда Коз за рестрикции Код за отдаване Артикулен № Име на библиотеката - собственик Име на библиотеката, в която се намира в момента Статус (Текущо местоположение) Дата на вписване в системата Местоположение - отдел Цена в лева Инвентарен номер Систематично азбучна сигнатура Баркод Цена в евро Служебен тип на артикула
  Не е изгубен Universal Decimal Classification Не е повреден без рестрикции заемане за дома 758752 Регионална библиотека "Любен Каравелов" Русе Регионална библиотека "Любен Каравелов" Русе Отдел Изкуство - подръчен фонд 2020-04-06 Отдел Изкуство - подръчен фонд 3.93 379732 788/В 49 Д 120000379732 2.01 Нотни издания
Vip Innovations Ltd, Rousse, Bulgaria 2025